000 00459nam a2200181 a 4500
005 20140311161022.0
008 020820s19uu xx 00 eng d
020 _a0321056132
050 _aP 90
_b.Ag35 1996
100 _aAgee, Warren K.
245 _aIntroduction to mass communication /
_cWarren K. Agee.
300 _a574 p. :
_bill. ;
_c26 cm.
521 _aMC
650 _aMass media
942 _cBK
_2lcc
_kFOR
999 _c19413
_d19413